Study on trichanthera gigantea leaves using to replace soy bean as basal diets on growthrat of broiler avian at animal experimental station of rua (ការសិក្សាលើការប្រើប្រាស់ស្លឺក​ trichanthera gigantea ជំនួសសណ្ដែកសៀងជាចំណីផ្សំលើការលូតលាស់របស់មាន់សាច់ពូជ avian នៅស្ថានីយ៏ចិញ្ចឺមសត្វនៃសាកលវិទ្យាល័យភូមិន្ទកសិកម្ម) (Record no. 2419)

000 -LEADER
fixed length control field 00926nam a22001337a 4500
040 ## - CATALOGING SOURCE
Transcribing agency RUA
082 ## - DEWEY DECIMAL CLASSIFICATION NUMBER
Classification number AVM YOU 2009 B089 Or.1
100 ## - MAIN ENTRY--AUTHOR NAME
Personal name YOU, NGORNSEA.
245 ## - TITLE STATEMENT
Title Study on trichanthera gigantea leaves using to replace soy bean as basal diets on growthrat of broiler avian at animal experimental station of rua (ការសិក្សាលើការប្រើប្រាស់ស្លឺក​ trichanthera gigantea ជំនួសសណ្ដែកសៀងជាចំណីផ្សំលើការលូតលាស់របស់មាន់សាច់ពូជ avian នៅស្ថានីយ៏ចិញ្ចឺមសត្វនៃសាកលវិទ្យាល័យភូមិន្ទកសិកម្ម)
260 ## - PUBLICATION, DISTRIBUTION, ETC. (IMPRINT)
Place of publication Phnom Penh
Name of publisher RUA
Year of publication 2009
300 ## - PHYSICAL DESCRIPTION
Number of Pages x, 38p.
Other physical details ill.
Dimensions 29cm.
856 ## - ELECTRONIC LOCATION AND ACCESS
Uniform Resource Identifier https://drive.google.com/file/d/1e7R9SIATSOwXeCw_CkgKnu8f1st8fzDE/view?usp=sharing
942 ## - ADDED ENTRY ELEMENTS (KOHA)
Koha item type AVM
952 ## - LOCATION AND ITEM INFORMATION (KOHA)
Withdrawn status [LOCAL, KOHA] 0
952 ## - LOCATION AND ITEM INFORMATION (KOHA)
Withdrawn status [LOCAL, KOHA] 0
952 ## - LOCATION AND ITEM INFORMATION (KOHA)
Withdrawn status [LOCAL, KOHA] 0
952 ## - LOCATION AND ITEM INFORMATION (KOHA)
Withdrawn status [LOCAL, KOHA] 0
952 ## - LOCATION AND ITEM INFORMATION (KOHA)
Withdrawn status [LOCAL, KOHA] 0
952 ## - LOCATION AND ITEM INFORMATION (KOHA)
Withdrawn status [LOCAL, KOHA] 0
952 ## - LOCATION AND ITEM INFORMATION (KOHA)
Withdrawn status [LOCAL, KOHA] 0
952 ## - LOCATION AND ITEM INFORMATION (KOHA)
Withdrawn status [LOCAL, KOHA] 0
952 ## - LOCATION AND ITEM INFORMATION (KOHA)
Withdrawn status [LOCAL, KOHA] 0
952 ## - LOCATION AND ITEM INFORMATION (KOHA)
Withdrawn status [LOCAL, KOHA] 0
Holdings
Permanent Location Date acquired Koha item type Lost status Shelving location Barcode Current Location Full call number
Library Block B2015-10-21AVM B089RUA006949Library Block BAVM YOU 2009 B089 Or.1
Library Block B2015-10-21AVM B089RUA006953Library Block BAVM YOU 2009 B089 Or.2
Library Block B2015-10-21AVM B089RUA006950Library Block BAVM YOU 2009 B089 Or.3
Library Block B2015-10-21AVM B089RUA006951Library Block BAVM YOU 2009 B089 Or.4
Library Block B2015-10-21AVM B089RUA009158Library Block BAVM YOU 2009 B089 Or.5
Library Block B2015-10-21AVM B089RUA009160Library Block BAVM YOU 2009 B089 Or.6
Library Block B2015-10-21AVM B089RUA009067Library Block BAVM YOU 2009 B089 Or.7
Library Block B2015-10-21AVM B089RUA009086Library Block BAVM YOU 2009 B089 Or.8
Library Block B2015-10-21AVM B089RUA020043Library Block BAVM YOU 2009 B089 Or.9
Library Block B2015-10-21AVM B089RUA009157Library Block BAVM YOU 2009 B089 Or.10
មជ្ឈមណ្ឌលឯការនៃសាកលវិទ្យាល័យភូមិន្ទកសិកម្មចំការដូង

Powered by Koha